| 000 | 00820nam a22002777i 4500 | ||
|---|---|---|---|
| 005 | 20210511230123.0 | ||
| 008 | 210511t20202020nyu||||e |||| 00| 0 eng d | ||
| 020 |
_a9781138321083 _cRM702.00 _qhardback |
||
| 040 |
_aPPAK _beng _cPPAK _erda |
||
| 082 | 0 | 4 |
_223 _a179.1 |
| 090 | 0 | 0 |
_a179.1 _bTRA _dR |
| 100 | 1 |
_aTraer, Robert, _eauthor. |
|
| 245 | 1 | 0 |
_aDoing Environmental Ethics / _cRobert Traer |
| 250 | _aThird Edition | ||
| 264 | 1 |
_aNew York : _bRoutledge, _c2020 |
|
| 264 | 4 | _c©2020 | |
| 300 |
_a384 pages ; _c24 cm |
||
| 336 |
_2rdacontent _atext |
||
| 337 |
_2rdamedia _aunmediated |
||
| 338 |
_2rdacarrier _avolume |
||
| 500 | _aIncludes index. | ||
| 504 | _aBibliography : pages 356-366. | ||
| 650 | 1 | 0 | _aEnvironmental ethics |
| 650 | 2 | 0 |
_aEnvironmentalism _xMoral and ethical aspects |
| 942 |
_2ddc _cB |
||
| 999 |
_c183936 _d183936 |
||